000 00473nam a2200205Ia 4500
008 180523s9999 xx 000 0 und d
020 _a0-7360-4217-2
050 _aMAIN GV 903
050 _b.J69 2002
100 _aJowdy, John.
245 0 _aBowling execution /
245 0 _cJohn Jowdy.
260 _aCanada :
260 _bHuman Kinetics,
260 _c2002
300 _a210 pages :
300 _billustrations ;
300 _c25 cm.
650 _aBowling.
999 _c356737
_d356737